<?xml version="1.0" encoding="UTF-8"?>
<collection xmlns:xsi="http://www.w3.org/2001/XMLSchema-instance" xsi:schemaLocation="http://www.loc.gov/MARC21/slim http://www.loc.gov/standards/marcxml/schema/MARC21slim.xsd" xmlns="http://www.loc.gov/MARC21/slim">
 <record>
  <leader>00000caa a22000004i 4500</leader>
  <controlfield tag="001">UP-1685594773861372749</controlfield>
  <controlfield tag="003">Buklod</controlfield>
  <controlfield tag="005">20070906151652.0</controlfield>
  <controlfield tag="006">g||| |     ||   ||</controlfield>
  <controlfield tag="007">ta</controlfield>
  <controlfield tag="008">160627s1989    xx      r    |||| u|eng d</controlfield>
  <datafield tag="022" ind1=" " ind2=" ">
   <subfield code="a">0167-8809</subfield>
  </datafield>
  <datafield tag="035" ind1=" " ind2=" ">
   <subfield code="a">(iLib)UPBAG-00000021664</subfield>
  </datafield>
  <datafield tag="040" ind1=" " ind2=" ">
   <subfield code="d">BAG</subfield>
   <subfield code="e">rda</subfield>
  </datafield>
  <datafield tag="041" ind1="0" ind2=" ">
   <subfield code="a">en</subfield>
  </datafield>
  <datafield tag="090" ind1=" " ind2="0">
   <subfield code="a">Circulation-Monograph</subfield>
  </datafield>
  <datafield tag="100" ind1="1" ind2=" ">
   <subfield code="a">Pimentel, David</subfield>
   <subfield code="e">author.</subfield>
  </datafield>
  <datafield tag="245" ind1="1" ind2="0">
   <subfield code="a">Low-input sustainable agriculture using ecological management practices</subfield>
   <subfield code="c">David Pimentel [and four others].</subfield>
  </datafield>
  <datafield tag="264" ind1=" " ind2="1">
   <subfield code="c">1989.</subfield>
  </datafield>
  <datafield tag="300" ind1=" " ind2=" ">
   <subfield code="a">pages 3-24</subfield>
   <subfield code="c">28 cm</subfield>
  </datafield>
  <datafield tag="500" ind1=" " ind2=" ">
   <subfield code="a">Photocopy.</subfield>
  </datafield>
  <datafield tag="500" ind1=" " ind2=" ">
   <subfield code="a">This paper is based on a similar paper published in the book, Food and Natural Resources, Academic Press.</subfield>
  </datafield>
  <datafield tag="500" ind1=" " ind2=" ">
   <subfield code="a">Provided by East-West Environment and Policy Institute, SUAN Information Support Service.</subfield>
  </datafield>
  <datafield tag="504" ind1=" " ind2=" ">
   <subfield code="a">Includes bibliographical references (pages 18-24).</subfield>
  </datafield>
  <datafield tag="510" ind1="0" ind2=" ">
   <subfield code="a">DOI: 10.1016/0167-8809(89)90068-6.</subfield>
  </datafield>
  <datafield tag="520" ind1=" " ind2=" ">
   <subfield code="a">The use of chemicals for high crop productivity and compensation for soil, water and biological resource degradation contribute to the high production costs and other problems of U.S. agriculture. This has prompted strong interest by U.S. farmers in low-input sustainable agriculture. The principles that underlie a low-input sustainable agricultural system are: (1) adapting the agricultural system to the environment of the region, including soil, water, climate and biota present at the site; (2) optimizing the use of biological and chemical/physical resources in the agroecosystem. In this investigation, it was demonstrated that high corn yields could be maintained and input costs reduced by adaptive management of soil, water, energy and biological resources. For example, soil erosion was reduced from 18 t ha −1 year to 1 t ha −1 year −1 and pest control accomplished without the use of pesticides. This reduced the costs of corn production 33% while reducing fossil energy inputs by about 50%.</subfield>
  </datafield>
  <datafield tag="650" ind1=" " ind2="0">
   <subfield code="a">Sustainable agriculture.</subfield>
  </datafield>
  <datafield tag="650" ind1=" " ind2="0">
   <subfield code="a">Agricultural systems.</subfield>
  </datafield>
  <datafield tag="650" ind1=" " ind2="0">
   <subfield code="a">Ecosystem management.</subfield>
  </datafield>
  <datafield tag="700" ind1="1" ind2=" ">
   <subfield code="a">Culliney, Thomas W.</subfield>
   <subfield code="e">author.</subfield>
  </datafield>
  <datafield tag="700" ind1="1" ind2=" ">
   <subfield code="a">Buttler, Imo W.</subfield>
   <subfield code="e">author.</subfield>
  </datafield>
  <datafield tag="700" ind1="1" ind2=" ">
   <subfield code="a">Reinemann, Douglas J.</subfield>
   <subfield code="e">author.</subfield>
  </datafield>
  <datafield tag="700" ind1="1" ind2=" ">
   <subfield code="a">Beckman, Kenneth B.</subfield>
   <subfield code="e">author.</subfield>
  </datafield>
  <datafield tag="710" ind1="2" ind2=" ">
   <subfield code="a">East-West Environment and Policy Institute.</subfield>
  </datafield>
  <datafield tag="710" ind1="2" ind2=" ">
   <subfield code="a">SUAN Information Support Service.</subfield>
  </datafield>
  <datafield tag="773" ind1="0" ind2=" ">
   <subfield code="a">Agriculture, Ecosystems and Environment</subfield>
   <subfield code="o">Vol. 27, Nos.1-4</subfield>
   <subfield code="d">(11/1989) : pages 13-24.</subfield>
  </datafield>
  <datafield tag="905" ind1=" " ind2=" ">
   <subfield code="a">FO</subfield>
  </datafield>
  <datafield tag="852" ind1="0" ind2=" ">
   <subfield code="a">UPBAG</subfield>
   <subfield code="b">UPBAG-MAIN</subfield>
   <subfield code="h">Circulation-Monograph</subfield>
  </datafield>
  <datafield tag="942" ind1=" " ind2=" ">
   <subfield code="a">Analytics</subfield>
  </datafield>
 </record>
</collection>
